Employment outlook for engineeers, 1969-79 (Record no. 411368)

000 -LEADER
fixed length control field 00359cam a22001217a 4500
008 - FIXED-LENGTH DATA ELEMENTS--GENERAL INFORMATION
fixed length control field 180718b1969 xxu||||| |||| 00| 0 eng d
082 ## - DEWEY DECIMAL CLASSIFICATION NUMBER
Classification number R1x54 In7
245 ## - TITLE STATEMENT
Title Employment outlook for engineeers, 1969-79
Statement of responsibility, etc. By IAMR
260 ## - PUBLICATION, DISTRIBUTION, ETC.
Place of publication, distribution, etc. New Delhi
Name of publisher, distributor, etc. Instiute of applied manpower research
Date of publication, distribution, etc. 1969
300 ## - PHYSICAL DESCRIPTION
Extent 64p
650 ## - SUBJECT ADDED ENTRY--TOPICAL TERM
Topical term or geographic name entry element Pay and allowances
650 ## - SUBJECT ADDED ENTRY--TOPICAL TERM
Topical term or geographic name entry element Labour supply
Holdings
Withdrawn status Lost status Damaged status Not for loan Permanent Location Current Location Date acquired Full call number Barcode Date last seen Price effective from Koha item type
        Indian Institute of Public Administration Indian Institute of Public Administration 2009-01-29 R1x54 In7 D798 2018-07-21 2018-07-21 D

Powered by Koha